Ciencias 2. La física a tu alcance. Ciencias II, con énfasis en Fisica. Segundo grado. Educación secundaria.
Gorde:
| Egile nagusia: | |
|---|---|
| Beste egile batzuk: | |
| Formatua: | Liburua |
| Hizkuntza: | gaztelania |
| Saila: | (Aprender siempre)
|
| Gaiak: | |
| Etiketak: |
Etiketarik gabe, Izan zaitez lehena erregistro honi etiketa jartzen!
|
MARC
| LEADER | 00000nam^a2200000^u^4500 | ||
|---|---|---|---|
| 001 | 000531458 | ||
| 005 | 20250521000000.0 | ||
| 008 | 070316s1000^^^^^^^^^^^^r^^^^^000^0^spa^d | ||
| 009 | 20260310130852.968 | ||
| 022 | |a 9786073226691 | ||
| 035 | |a FCE 000075706 | ||
| 037 | |a Acervo ITESO - Biblioteca | ||
| 041 | |a spa | ||
| 082 | 0 | 4 | |a 373.353 |b QUIc 2 |
| 100 | |a Quintanilla Robles, Maritza |e (autor) | ||
| 245 | 1 | 0 | |a Ciencias 2. La física a tu alcance. Ciencias II, con énfasis en Fisica. Segundo grado. Educación secundaria. |
| 264 | |a México : |b Pearson, |c 2014. | ||
| 300 | |a 272 p. : |b il. | ||
| 336 | |a texto |b txt |2 rdacontenido | ||
| 337 | |a sin mediación |b n |2 rdamedio | ||
| 338 | |a volumen |b nc |2 rdasoporte | ||
| 440 | 1 | |a (Aprender siempre) | |
| 649 | |a XX | ||
| 650 | |a Física | ||
| 650 | |a Enseñanza de la ciencia | ||
| 650 | |a Estudio y enseñanza | ||
| 650 | |a Libros de texto | ||
| 650 | |a Educación secundaria | ||
| 700 | |a Roa Camarillo, Elena |e (autor) | ||
| 910 | |a Fondo Centro de Estudios Educativos | ||
| 920 | |a Impresos - Libros | ||
| 930 | |a Fondos Especiales | ||
| 905 | |a 133 | ||
| 901 | |a ALE073108 |b IT2 |c CEE |u 20250521 | ||
| 901 | |a ALE074992 |b IT2 |c CEE |u 20250521 | ||
| 902 | |a https://opac.biblio.iteso.mx/vufind/Record/000531458 | ||